书目信息 |
| 题名: |
谈我国篮球运动的几个问题
|
|
| 作者: | 黄烈 著 | |
| 分册: | ||
| 出版信息: | 北京 人民体育出版社 1976 |
|
| 页数: | 136页 | |
| 开本: | 19cm | |
| 丛书名: | ||
| 单 册: | ||
| 中图分类: | G841.3 | |
| 科图分类: | ||
| 主题词: | 篮球运动--科学研究 | |
| 电子资源: | ||
| ISBN: | ||
| 000 | 00599nam0 2200217 45 | |
| 001 | 0176002537 | |
| 005 | 20060817094208.29 | |
| 010 | @dCNY0.37 | |
| 100 | @a19950928d1976 em y0chiy0121 ea | |
| 101 | 0 | @achi |
| 102 | @aCN@b110000 | |
| 105 | @ay z 000yy | |
| 200 | 10 | @a谈我国篮球运动的几个问题@Atan wo guo lan qiu yun dong de ji ge wen ti@f黄烈著 |
| 210 | @a北京@c人民体育出版社@d1976 | |
| 215 | @a136页@d19cm | |
| 606 | @a篮球运动@x科学研究 | |
| 690 | @aG841.3@v3 | |
| 701 | 0 | @a黄烈@Ahuang lie@4著 |
| 801 | 0 | @aCN@bTSSF@c20060817 |
| 801 | 2 | @aCN@bNLC@c20060810 |
| 905 | @a10447@dG841.3@e222 | |
| 谈我国篮球运动的几个问题/黄烈著.-北京:人民体育出版社,1976 |
| 136页;19cm |
| ISBN :CNY0.37 |
| ● |
| 相关链接 |
|
|
|
|
正题名:谈我国篮球运动的几个问题
索取号:G841.3/222
 
预约/预借
| 序号 | 登录号 | 条形码 | 馆藏地/架位号 | 状态 | 备注 |
| 1 | 0448579 | 204485798 | 密集书库/ [索取号:G841.3/222] | 在馆 | |
| 2 | 0465261 | 204652615 | 密集书库/ [索取号:G841.3/222] | 在馆 |